000 01131cab a22002175a 4500
001 L152794
008 110428e20110404xxk 000 0 eng d
035 _a(Sirsi) u152794
041 0 _aeng
110 2 _aEuroProperty
_91216
245 0 0 _aSurvey
_bNordic countries
260 _c2011
490 0 _aEuroProperty
_v4 April 2011, 17-21(5)
520 _aPrime asset stock in Sweden is in short supply and only a few investors are interested in the secondary and distressed products that are coming to the market. Stockholm's prime office rents are following an upward trend. Declining yields across all sectors are predicted. Residential property is emerging as Finland's hottest sector as investors are primed to jump into Finland's secondary real estate market and landlords are converting offices into flats. Denmark whose commercial market is overshadowed by Sweden and Finland's, could offer secondary and tertiary sector opportunities.
590 _aKA
651 4 _aDenmark
651 4 _aFinland
651 4 _aSweden
690 _aPROPERTY-COMMERCIAL PROPERTY-COMMERCIAL PROPERTY FINANCE AND INVESTMENT
942 _n0
999 _c83096
_d83096